The naked tree
Guardat en:
| Autor principal: | |
|---|---|
| Format: | Llibre |
| Idioma: | anglès |
| Publicat: |
Ithaca
Cornell University East Asia Program
1995
|
| Col·lecció: | Cornell East Asia Series
|
| Matèries: | |
| Etiquetes: |
Afegir etiqueta
Sense etiquetes, Sigues el primer a etiquetar aquest registre!
|
MARC
| LEADER | 00000nam a2200000 a 4500 | ||
|---|---|---|---|
| 001 | UCR6166 | ||
| 003 | CL-VaPUC | ||
| 008 | 980420e19950000US |||||||||||||||||eng|d | ||
| 082 | 0 | 4 | |a 895.703 |b WAN |2 21 |
| 100 | 0 | |a Wan-so, Pak |e author |9 407348 | |
| 245 | 1 | 4 | |a The naked tree |
| 300 | |a 188 p | ||
| 942 | |c BK | ||
| 945 | |d 19980420 00:00:00 |a rbrito | ||
| 260 | |a Ithaca |b Cornell University East Asia Program |c 1995 | ||
| 650 | 7 | |a NOVELAS COREANAS |2 CL-VaPUC |9 318922 | |
| 651 | 7 | |a COREA |2 CL-VaPUC |9 317315 | |
| 583 | |a last modification |c 19980420 00:00:00 |k Rodrigo Vera | ||
| 490 | 0 | |a Cornell East Asia Series | |
| 999 | |c 268468 |d 268466 | ||
| 952 | |0 0 |1 0 |4 0 |6 895_703000000000000_WAN_1995 |7 0 |8 A |9 301631 |a BIBGIM |b BIBGIM |d 2019-11-20 |i 3411443 |l 2 |m 2 |o 895.703 WAN 1995 |p 3411443 |r 2025-01-15 |s 2023-11-23 |w 2019-11-20 |y BK |k ORI | ||